Participatory community development approach : (Record no. 1252)

MARC details
000 -LEADER
fixed length control field 00709nam a22002172 4500
001 - CONTROL NUMBER
control field 0000021365
005 - DATE AND TIME OF LATEST TRANSACTION
control field 20151021151142.0
008 - FIXED-LENGTH DATA ELEMENTS--GENERAL INFORMATION
fixed length control field 120413s xx 000 0 eng d
020 ## - INTERNATIONAL STANDARD BOOK NUMBER
International Standard Book Number 9966743510 :
040 ## - CATALOGING SOURCE
Original cataloging agency KABU
Transcribing agency KABU
100 1# - MAIN ENTRY--PERSONAL NAME
Personal name Masika, Agness N.
-- 0000182188
245 10 - TITLE STATEMENT
Title Participatory community development approach :
Remainder of title training manual /
Statement of responsibility, etc. Agnes N. Masika.
250 ## - EDITION STATEMENT
Edition statement 1st ed.
260 ## - PUBLICATION, DISTRIBUTION, ETC. (IMPRINT)
Place of publication, distribution, etc. Kenya :
Name of publisher, distributor, etc. Olive Marketing,
Date of publication, distribution, etc. 2010.
300 ## - PHYSICAL DESCRIPTION
Extent 96 p.
650 #0 - SUBJECT ADDED ENTRY--TOPICAL TERM
Topical term or geographic name as entry element Community development.
-- 0000152865
852 1# - LOCATION
-- 600 KES
852 1# - LOCATION
-- 600 KES
908 ## - PUT COMMAND PARAMETER (RLIN)
Put command parameter 120413
950 ## - LOCAL HOLDINGS (RLIN)
-- 1
Holdings
Withdrawn status Lost status Source of classification or shelving scheme Not for loan Home library Current library Date acquired Total Checkouts Full call number Barcode Date last seen Date last checked out Price effective from Koha item type Copy number
    Library of Congress Classification   Kabarak, Main Campus Kabarak, Main Campus 21/10/2015   HN49 .C6M37 2010 c.2 20627 21/10/2015   21/10/2015 General Collection c. 2
    Library of Congress Classification   Kabarak, Main Campus Kabarak, Main Campus 17/12/2015   HN49 .C6M37 2010 c.1 20637 17/12/2015   17/12/2015 General Collection  
    Library of Congress Classification   Kabarak, Nakuru City Campus Kabarak, Nakuru City Campus 21/10/2015 1 HN49 .C6M37 2010 c.1 20631 20/08/2019 02/08/2019 21/10/2015 General Collection  
    Library of Congress Classification   Kabarak, Nakuru City Campus Kabarak, Nakuru City Campus 21/10/2015   HN49 .C6M37 2010 c. 2 013340 21/10/2015   21/10/2015 General Collection  
Designed with assistance from East African Informatics Ltd